00458nam a2200181 a 4500001001300000003000900013005001700022008004100039020001000080082002100090100002200111245001800133260004900151300000900200500003500209505001000244650002200254nice12345678IN_TiNIC20260116011424.0050524s1944 newa grp 000 0 eng  ac10000a909.0974927bFAR aFaris, Nabih Amin aArab Heritage aNew JersybPrinceston University Pressc1944 a279p aincludes index and biblioraphy2 aIndex aCivilization-Arab